000 00541cam a22002171 4500
001 sa 67004472
003 DLC
005 20260227112347.0
008 890606s1966 ii 000 0 hino
010 _asa 67004472
035 _a(OCoLC)19824641
040 _aDLC
_cWaU
_dICRL
_dDLC
042 _apremarc
050 0 0 _aPK2098.22.U654
_bG3
100 1 _aGupta, Rameśacandra,
_d1940-
245 1 0 _aGandhadīpa.
260 _c[1967, i.e. 1966]
300 _a80 p.
_c 22 cm.
500 _aIn Hindi.
700 1 _aŚarmā, Manohara,
_d1914-
999 _c74510
_d74510